|
|
|
|
| LEADER |
00861nam a2200217 i 4500 |
| 003 |
GR-PaULI |
| 005 |
20210117210741.0 |
| 008 |
181025s1992 fr ||||g b||| 001 0 fre d |
| 952 |
|
|
|0 0
|1 0
|2 ddc
|4 0
|6 792_011000000000000_VIE
|7 0
|9 227078
|a THST
|b THST
|d 2018-10-25
|i 002528
|l 0
|o 792.011 VIE
|p 025000010050
|r 2018-10-25 00:00:00
|t 1
|v 2018.00
|w 2018-10-25
|y BK15
|
| 999 |
|
|
|c 137025
|d 137025
|
| 020 |
|
|
|a 221850927
|
| 040 |
|
|
|a GR-PaULI
|b gre
|c GR-PaULI
|e AACR2
|
| 082 |
0 |
4 |
|2 23
|a 792.011
|
| 100 |
1 |
|
|9 171859
|a Viegnes, Michel.
|e συγγραφέας
|
| 245 |
1 |
3 |
|a Le theatre :
|b les problematiquss essentielles /
|c Michel Viegnes.
|
| 260 |
|
|
|a Paris :
|b Hatier,
|c 1992.
|
| 300 |
|
|
|a 157 σ. ;
|c 18 εκ.
|
| 490 |
|
|
|a Profil Litterature ;
|v 151, 152
|
| 504 |
|
|
|6 Περιλαμβάνει βιβλιογραφία και ευρετήριο.
|
| 942 |
|
|
|2 ddc
|c BK15
|
| 998 |
|
|
|c ΜΑΝΙΑ
|d 2018-10
|